| 000 | 01166cam a22001814a 4500 | ||
|---|---|---|---|
| 005 | 20250605164144.0 | ||
| 008 | 250528s ||||||||||||||||||||||||d | ||
| 035 | _a19071 | ||
| 040 |
_aGR-AtMCL _bgre _dGR-AtMCL _eAACR2 |
||
| 245 | 1 | _aΠερίπτωσεις Κοινωνικής Εργασίας με Ομάδες / Έκδοση Τέταρτη | |
| 260 |
_bΑθήνα, _c1979 |
||
| 300 | _a271 | ||
| 520 | _aΕισαγωγή, Πρόλογος, Τι Είναι Κοινωνική Εργασία με Ομάδες, Περιπτώσεις Ομάδων, ''Αετοί'' (Ορφανοτροφείο), ''Γέλιο'' (Νοσηλευτικό Ίδρυμα για Ανάπηρα Παιδιά), ''Κυκλάμινο'' (Σχολείο για Τυφλα Παιδιά), ''Ρήγας Φερραίος'' (Ορφανοτροφείο Αρρένων), ''Μενεξέδες'' (Κοινοτικό Κέντρο), ''Οικοκυρική Σχολή'', ''Παπαρούνες'' (Κοινοτικό Κέντρο), ''Χαρούμενη Παρέα'' (Κοινοτικό Κέντρο). | ||
| 700 | 1 |
_aΜισράχη Σεσίλ _95334 |
|
| 942 | _cBK | ||
| 999 |
_c4354 _d4354 |
||